| 000 | 00658nam a2200241 a 4500 | ||
|---|---|---|---|
| 005 | 20210219153441.0 | ||
| 008 | 991125n 000 0 u | ||
| 035 | _aUPN01000100524 | ||
| 100 | _aBalassone, Mary Lou | ||
| 222 | _aJOURNAL OF YOUTH AND ADOLESCENCE | ||
| 245 | _aA social learning model of adolescent contraceptive behavior | ||
| 300 | _a593-616 | ||
| 362 | _a20, No. 6, 1991 | ||
| 505 | _aMayo 1992 | ||
| 653 | 0 | _aADOLESCENTES | |
| 653 | 0 | _aANTICONCEPCION | |
| 653 | 0 | _aCAPACIDAD INTERPERSONAL | |
| 653 | 0 | _aINFLUENCIAS | |
| 653 | 0 | _aMODELOS DE CONDUCTA | |
| 653 | 0 | _aSOCIALIZACION | |
| 904 |
_aAC _b038335 |
||
| 905 | _aArticulo | ||
| 999 |
_c77175 _d77175 |
||